| 000 | 00933cad a22002295a 4500 | ||
|---|---|---|---|
| 001 | E151363 | ||
| 008 | 101025s2010 xxk f 000 0 eng d | ||
| 035 | _a(Sirsi) u151363 | ||
| 041 | 0 | _aeng | |
| 110 | 2 |
_aScottish Natural Heritage _92794 |
|
| 245 | 0 | 0 |
_aGood practice during windfarm construction _h[electronic resource] |
| 260 |
_a[S.l.] _bSNH _c2010 |
||
| 520 | _aHighlights good practice in windfarm planning and development, focusing on pollution prevention, nature conservation, landscape, hydrological and related issues. | ||
| 590 | _aKA | ||
| 651 | 4 |
_aScotland _y1999- |
|
| 690 | _aENVIRONMENTAL AND LAND CONSULTANCY-ENERGY-RENEWABLE ENERGY | ||
| 710 | 1 |
_aScottish Renewables _95878 |
|
| 710 | 1 |
_aScottish Environment Protection Agency _93523 |
|
| 710 | 1 |
_aForestry Commission Scotland _95586 |
|
| 856 | 4 | 0 |
_uhttps://www.snh.org.uk/pubs/detail.asp?id=1618 _zView the item free of charge at www.snh.org.uk |
| 942 | _n0 | ||
| 999 |
_c111314 _d111314 |
||